[Event "Krakow op-B 32nd"]
[Site "Krakow"]
[Date "2022.01.02"]
[Round "6"]
[White "Kandic, Milan"]
[Black "Kukorowski, Jan"]
[Result "1-0"]
[WhiteElo "2034"]
[BlackElo "1803"]
[PlyCount "111"]
[EventDate "2021.12.27"]
[EventType "swiss"]
[EventRounds "9"]
[EventCountry "POL"]
[SourceTitle "EXT 2023"]
[Source "ChessBase"]
[SourceDate "2022.10.05"]
[SourceVersion "1"]
[SourceVersionDate "2022.10.05"]
[SourceQuality "1"]

1. e4 c5 2. Nf3 Nc6 3. d4 cxd4 4. Nxd4 Nf6 5. Nc3 d6 6. Be2 g6 7. Be3 Bg7 8. 0-0 0-0 9. h3 d5 10. Nxc6 bxc6 11. e5 Nd7 12. f4 Qa5 13. a3 Rb8 14. b4 Qc7 15. Qd2 e6 16. Na4 Rd8 17. Rfd1 f6 18. Bg4 fxe5 19. Bxe6+ Kh8 20. Bxd7 Bxd7 21. Nc5 Qd6 22. fxe5 Bxe5 23. Bd4 Qf6 24. Bxe5 Qxe5 25. Re1 Qg7 26. c3 Bf5 27. Qd4 Re8 28. g4 Be4 29. Re3 Re7 30. Rae1 Rbe8 31. Qxg7+ Kxg7 32. Kf2 Kf6 33. Kg3 h5 34. Rf1+ Kg7 35. Rfe1 Kf6 36. gxh5 gxh5 37. Nxe4+ Rxe4 38. Rxe4 dxe4 39. Kf4 Rd8 40. Rxe4 Rd3 41. Re3 Rd5 42. Rg3 c5 43. Ke4 Re5+ 44. Kd3 cxb4 45. axb4 a5 46. bxa5 Rxa5 47. Kd4 Ra3 48. Re3 h4 49. c4 Ra8 50. c5 Rd8+ 51. Kc4 Kf5 52. c6 Kf4 53. Rc3 Ke5 54. Kc5 Rd5+ 55. Kb6 Kd4 56. Rc1 1-0

[Event "Rubinstein Memorial op-D 57th"]
[Site "Polanica Zdroj"]
[Date "2021.08.22"]
[Round "9"]
[White "Wlodarczak, Damian"]
[Black "Kukorowski, Jan"]
[Result "1/2-1/2"]
[WhiteElo "1796"]
[BlackElo "1771"]
[PlyCount "100"]
[EventDate "2021.08.14"]
[EventType "swiss"]
[EventRounds "9"]
[EventCountry "POL"]
[SourceTitle "CBM 204 Extra"]
[Source "ChessBase"]
[SourceDate "2021.11.30"]
[SourceVersion "1"]
[SourceVersionDate "2021.11.30"]
[SourceQuality "1"]

1. d4 e6 2. c4 d5 3. Nc3 Nf6 4. cxd5 Nxd5 5. e4 Nxc3 6. bxc3 c5 7. Bb5+ Nd7 8. Nf3 cxd4 9. Qxd4 a6 10. Bxd7+ Bxd7 11. 0-0 Bc6 12. Re1 Qa5 13. Be3 Rd8 14. Qe5 Qxe5 15. Nxe5 Ba4 16. Rab1 f6 17. Nf3 Rd7 18. Rb6 e5 19. Nd2 Be7 20. Nb3 Kf7 21. Nc5 Bxc5 22. Bxc5 Bc6 23. h3 Rd2 24. a3 Rc2 25. Rb3 Rd8 26. Bb6 Rd3 27. Ba5 Ke6 28. Kf1 Kd7 29. Bb4 Rdd2 30. Bc5 Bb5+ 31. Kg1 Kc6 32. Be3 Rd3 33. g4 Rcxc3 34. Rxc3+ Rxc3 35. Rc1 Rxc1+ 36. Bxc1 Kc5 37. f3 a5 38. h4 Bd7 39. Be3+ Kb5 40. Kf2 Ka4 41. Bc5 b5 42. Ke2 b4 43. axb4 axb4 44. Kd2 g6 45. Be7 f5 46. gxf5 gxf5 47. exf5 Bxf5 48. Bf6 e4 49. fxe4 Bxe4 50. Kc1 Kb3 1/2-1/2

[Event "Rubinstein Memorial op-D 57th"]
[Site "Polanica Zdroj"]
[Date "2021.08.21"]
[Round "8"]
[White "Kukorowski, Jan"]
[Black "Budnik, Mateusz"]
[Result "0-1"]
[WhiteElo "1771"]
[BlackElo "2000"]
[PlyCount "62"]
[EventDate "2021.08.14"]
[EventType "swiss"]
[EventRounds "9"]
[EventCountry "POL"]
[SourceTitle "CBM 204 Extra"]
[Source "ChessBase"]
[SourceDate "2021.11.30"]
[SourceVersion "1"]
[SourceVersionDate "2021.11.30"]
[SourceQuality "1"]

1. Nf3 d5 2. e3 Nf6 3. c4 c6 4. Nc3 e6 5. d4 Bd6 6. Bd3 0-0 7. 0-0 Nbd7 8. Bd2 Re8 9. Qc2 h6 10. e4 dxe4 11. Nxe4 Nxe4 12. Bxe4 Nf6 13. Bc3 Qc7 14. Rad1 Bd7 15. Ne5 Nxe4 16. Qxe4 Rad8 17. c5 Bf8 18. Rd3 Bc8 19. Rg3 Rd5 20. Qh4 g6 21. Qf4 Re7 22. h4 Bg7 23. Qe3 h5 24. b4 b6 25. Rc1 bxc5 26. bxc5 Ba6 27. Rb1 Re8 28. Rf3 Bxe5 29. dxe5 Qe7 30. Qf4 Bd3 31. Bd4 Bxb1 0-1

[Event "Rubinstein Memorial op-D 57th"]
[Site "Polanica Zdroj"]
[Date "2021.08.16"]
[Round "3"]
[White "Dahche, Abdel Azziz"]
[Black "Kukorowski, Jan"]
[Result "0-1"]
[WhiteElo "1641"]
[BlackElo "1771"]
[PlyCount "86"]
[EventDate "2021.08.14"]
[EventType "swiss"]
[EventRounds "9"]
[EventCountry "POL"]
[SourceTitle "CBM 204 Extra"]
[Source "ChessBase"]
[SourceDate "2021.11.30"]
[SourceVersion "1"]
[SourceVersionDate "2021.11.30"]
[SourceQuality "1"]

1. e4 e6 2. d4 d5 3. e5 c5 4. c3 Nc6 5. f4 cxd4 6. cxd4 Bb4+ 7. Nc3 Qa5 8. Qd3 Nh6 9. Nf3 Bd7 10. Bd2 a6 11. a3 Be7 12. Rc1 Nf5 13. Be2 h6 14. g4 Nh4 15. Nxh4 Bxh4+ 16. Kf1 Qb6 17. Na4 Qxd4 18. Qxd4 Nxd4 19. Nb6 Rb8 20. Rc7 Bd8 21. Nxd7 Bxc7 22. Nxb8 Bxb8 23. Bb4 Nxe2 24. Kxe2 Kd7 25. Rc1 f6 26. exf6 gxf6 27. Kf3 h5 28. h4 hxg4+ 29. Kxg4 f5+ 30. Kg5 Rg8+ 31. Kf6 Bxf4 32. Re1 Rh8 33. Rh1 Rh6+ 34. Kf7 Be5 35. b3 Rh7+ 36. Kf8 Bf6 37. h5 e5 38. Kg8 Rg7+ 39. Kf8 Ke6 40. h6 Rh7 41. Ke8 Rh8+ 42. Bf8 Be7 43. h7 Rxf8# 0-1

[Event "Rubinstein Memorial op-D 57th"]
[Site "Polanica Zdroj"]
[Date "2021.08.14"]
[Round "1"]
[White "Kopaczewski, Zbigniew"]
[Black "Kukorowski, Jan"]
[Result "0-1"]
[WhiteElo "1463"]
[BlackElo "1771"]
[PlyCount "60"]
[EventDate "2021.08.14"]
[EventType "swiss"]
[EventRounds "9"]
[EventCountry "POL"]
[SourceTitle "CBM 204 Extra"]
[Source "ChessBase"]
[SourceDate "2021.11.30"]
[SourceVersion "1"]
[SourceVersionDate "2021.11.30"]
[SourceQuality "1"]

1. c4 e6 2. d4 d5 3. e3 Nf6 4. Nc3 Be7 5. a3 0-0 6. Nf3 b6 7. b4 Bb7 8. c5 a5 9. Bb2 c6 10. bxa5 bxc5 11. dxc5 Qxa5 12. Nd4 Nbd7 13. Nb3 Qc7 14. Be2 Nxc5 15. Nxc5 Bxc5 16. 0-0 Bd6 17. h3 Ba6 18. Re1 Rfb8 19. Qc1 Bxe2 20. Rxe2 Rb3 21. a4 Nd7 22. Rc2 Qa5 23. Ne2 c5 24. f4 Nb6 25. Bc3 Qa6 26. Rca2 Qd3 27. Qd2 Rb1+ 28. Kf2 Qxd2 29. Bxd2 Rxa1 30. Rxa1 Rxa4 0-1

[Event "POL-ch U18"]
[Site "Szklarska Poreba"]
[Date "2019.03.14"]
[Round "7"]
[White "Niemier, Hubert"]
[Black "Kukorowski, Jan"]
[Result "1/2-1/2"]
[WhiteElo "1801"]
[BlackElo "1719"]
[PlyCount "63"]
[EventDate "2019.03.09"]
[EventType "swiss"]
[EventRounds "9"]
[EventCountry "POL"]
[SourceTitle "CBM 189 Extra"]
[Source "ChessBase"]
[SourceDate "2019.06.03"]
[SourceVersion "1"]
[SourceVersionDate "2019.06.03"]
[SourceQuality "1"]

1. d4 e6 2. Nf3 d5 3. c4 Nf6 4. Nc3 Be7 5. Bg5 h6 6. Bh4 0-0 7. e3 Nbd7 8. Bd3 c5 9. 0-0 b6 10. Qe2 Bb7 11. Rad1 cxd4 12. exd4 dxc4 13. Bxc4 Nd5 14. Bxe7 Nxe7 15. Ne5 Nd5 16. Nxd5 Bxd5 17. Bxd5 exd5 18. Qb5 Nf6 19. Rfe1 Re8 20. Re3 Qd6 21. Rc1 Rac8 22. Rec3 Qe6 23. Rc6 Rxc6 24. Rxc6 Qf5 25. h3 Rc8 26. Rxc8+ Qxc8 27. Qc6 Qxc6 28. Nxc6 a5 29. Kf1 Kf8 30. Ke2 Ke8 31. Kd3 Kd7 32. Ne5+ 1/2-1/2

[Event "Poznan op 25th"]
[Site "Poznan"]
[Date "2017.08.27"]
[Round "9"]
[White "Huchwajda, Grzegorz"]
[Black "Kukorowski, Jan"]
[Result "0-1"]
[WhiteElo "1566"]
[BlackElo "1670"]
[PlyCount "76"]
[EventDate "2017.08.20"]
[EventType "swiss"]
[EventRounds "9"]
[EventCountry "POL"]
[SourceTitle "CBM 180 Extra"]
[Source "ChessBase"]
[SourceDate "2017.10.06"]
[SourceVersion "1"]
[SourceVersionDate "2017.10.06"]
[SourceQuality "1"]

1. e4 e6 2. d4 d5 3. exd5 exd5 4. Nf3 Bd6 5. c4 Nf6 6. Bd3 0-0 7. 0-0 Bg4 8. h3 Bh5 9. Nc3 c6 10. c5 Bc7 11. Bg5 Nbd7 12. Re1 b6 13. b4 a5 14. b5 bxc5 15. dxc5 Nxc5 16. bxc6 Qd6 17. g3 d4 18. Nb5 Qxc6 19. Nbxd4 Qd7 20. Bf5 Bxf3 21. Qxf3 Qxd4 22. Red1 Qe5 23. Re1 Qd5 24. Qxd5 Nxd5 25. Rec1 Bb6 26. Rd1 Ne6 27. Bh4 Nc3 28. Rd6 Bc5 29. Rc6 Bd4 30. Kf1 g5 31. Bxe6 fxe6 32. Bxg5 Rxf2+ 33. Ke1 Re2+ 34. Kf1 Rf8+ 35. Bf4 e5 36. Rc1 exf4 37. R1xc3 Rf2+ 38. Ke1 Re8+ 0-1

[Event "Poznan op 25th"]
[Site "Poznan"]
[Date "2017.08.20"]
[Round "2"]
[White "Kukorowski, Jan"]
[Black "Michalski, Karol"]
[Result "0-1"]
[WhiteElo "1670"]
[BlackElo "1992"]
[PlyCount "58"]
[EventDate "2017.08.20"]
[EventType "swiss"]
[EventRounds "9"]
[EventCountry "POL"]
[SourceTitle "CBM 180 Extra"]
[Source "ChessBase"]
[SourceDate "2017.10.06"]
[SourceVersion "1"]
[SourceVersionDate "2017.10.06"]
[SourceQuality "1"]

1. e4 g6 2. d4 Bg7 3. Nc3 c6 4. f4 d6 5. Nf3 b5 6. Bd3 Qb6 7. Be3 e5 8. Ne2 Bg4 9. Qd2 exf4 10. Bxf4 Bxf3 11. gxf3 c5 12. dxc5 dxc5 13. Nc3 Ne7 14. Nxb5 0-0 15. Nc7 Nbc6 16. Nxa8 Rxa8 17. c3 Rd8 18. Qc2 c4 19. Bxc4 Ne5 20. Be2 N7c6 21. Bd2 Rc8 22. Qb3 Qc5 23. f4 Nd7 24. Bc4 Qh5 25. Bxf7+ Kf8 26. Qd5 Qh4+ 27. Kd1 Nb6 28. Qe6 Qf2 29. Qb3 Qf3+ 0-1

[Event "Suwalki Warakomska Memorial-B 1st"]
[Site "Suwalki"]
[Date "2017.08.11"]
[Round "1"]
[White "Kukorowski, Jan"]
[Black "Golecki, Jan"]
[Result "1/2-1/2"]
[WhiteElo "1670"]
[BlackElo "1957"]
[PlyCount "109"]
[EventDate "2017.08.11"]
[EventType "swiss"]
[EventRounds "9"]
[EventCountry "POL"]
[SourceTitle "CBM 180 Extra"]
[Source "ChessBase"]
[SourceDate "2017.10.06"]
[SourceVersion "1"]
[SourceVersionDate "2017.10.06"]
[SourceQuality "1"]

1. e4 e5 2. Nf3 d5 3. exd5 e4 4. Qe2 Nf6 5. Nc3 Be7 6. Nxe4 0-0 7. Nxf6+ Bxf6 8. d4 Re8 9. Be3 Qxd5 10. Qc4 Qd6 11. c3 Be6 12. Qa4 Nd7 13. Qc2 Nb6 14. Bd3 g6 15. Nd2 Qc6 16. Be4 Bd5 17. Bxd5 Nxd5 18. 0-0 Nxe3 19. fxe3 Bg5 20. e4 Bxd2 21. Qxd2 Rxe4 22. Rae1 Rae8 23. Rxe4 Qxe4 24. Qf4 Qxf4 25. Rxf4 f5 26. Kf2 Kf7 27. g4 Kf6 28. gxf5 gxf5 29. a4 Kg5 30. Rf3 f4 31. b4 Kf5 32. a5 Ke4 33. Rh3 Re7 34. Rh5 c6 35. b5 cxb5 36. Rxb5 Rc7 37. Rb3 a6 38. Ra3 h5 39. Rb3 h4 40. h3 f3 41. d5 Kxd5 42. Kxf3 Rg7 43. Kf2 Kc4 44. Rb4+ Kxc3 45. Rxh4 Rg5 46. Rh7 Rb5 47. h4 Kb4 48. Rg7 Ka4 49. Rg4+ Kxa5 50. Rg5 b6 51. Ke3 Ka4 52. Rxb5 axb5 53. Kd2 Ka3 54. Kc2 Ka2 55. Kc3 1/2-1/2

[Event "Poznan op 23rd"]
[Site "Poznan"]
[Date "2015.08.13"]
[Round "4"]
[White "Zatylny, Jan"]
[Black "Kukorowski, Jan"]
[Result "1/2-1/2"]
[WhiteElo "1530"]
[BlackElo "1711"]
[PlyCount "195"]
[EventDate "2015.08.10"]
[EventType "swiss"]
[EventRounds "9"]
[EventCountry "POL"]
[SourceTitle "CBM 167 Extra"]
[Source "ChessBase"]
[SourceDate "2015.09.14"]
[SourceVersion "1"]
[SourceVersionDate "2015.09.14"]
[SourceQuality "1"]

1. d4 Nf6 2. c4 c5 3. e3 g6 4. b3 Bg7 5. Bb2 cxd4 6. Bxd4 Nc6 7. Nf3 Nxd4 8. exd4 d5 9. Be2 Bg4 10. Nbd2 0-0 11. 0-0 Ne8 12. h3 Bxf3 13. Nxf3 Nc7 14. Ne5 dxc4 15. Bxc4 e6 16. Nf3 Nd5 17. Rc1 a6 18. Qd2 b5 19. Bxd5 Qxd5 20. Rc5 Qd6 21. Rfc1 Rfd8 22. Rc6 Qd5 23. R6c5 Qe4 24. Re1 Qb7 25. Qe3 Rd7 26. Ne5 Bxe5 27. dxe5 Rad8 28. Re2 Rd3 29. Qf4 Qb6 30. Rec2 R3d4 31. Qf6 R4d7 32. Rc7 Qd4 33. Kh2 Rxc7 34. Rxc7 Rf8 35. Rc6 a5 36. g3 a4 37. Qf4 Qd7 38. Rd6 Qa7 39. Qd4 Qxd4 40. Rxd4 axb3 41. axb3 Rc8 42. Rb4 Rc5 43. f4 Kf8 44. h4 h5 45. Kg2 Ke7 46. Rd4 Rc2+ 47. Kh3 Rc5 48. Kg2 Rc2+ 49. Kh3 Rc3 50. Rb4 Rc5 51. Rd4 Rc6 52. Kg2 Rc2+ 53. Kh3 f6 54. exf6+ Kxf6 55. Rb4 Rc5 56. Kg2 Rd5 57. Kh3 Kf5 58. Kg2 e5 59. fxe5 Kxe5 60. Kf3 Rc5 61. Ke3 Kd5 62. Kd3 Kc6 63. Rf4 Rd5+ 64. Kc3 Rd6 65. b4 Re6 66. Rf3 Kd5 67. Kd3 Re4 68. Rf4 Re6 69. Rd4+ Kc6 70. Rd8 Kc7 71. Rd5 Kc6 72. Rd8 Rf6 73. Ke3 Rf5 74. Ke4 Kc7 75. Rd5 Rf6 76. Rxb5 Kc6 77. Rg5 Re6+ 78. Kd4 Kd6 79. b5 Rf6 80. Kc4 Kc7 81. Kc5 Re6 82. Kd5 Rb6 83. Kc5 Rf6 84. Re5 Rf3 85. b6+ Kb8 86. Rg5 Rf6 87. Rd5 Rf3 88. Kc6 Rc3+ 89. Kb5 Rxg3 90. Rd8+ Kb7 91. Rd7+ Kc8 92. Rg7 Rg1 93. Kc6 Rc1+ 94. Kd6 Rb1 95. Kc5 Rc1+ 96. Kd6 Rb1 97. Kc5 Rc1+ 98. Kd6 1/2-1/2

[Event "POL-chT U19 2nd League"]
[Site "Iwonicz"]
[Date "2015.08.01"]
[Round "7.9"]
[White "Kukorowski, Jan"]
[Black "Warchol, Bartosz"]
[Result "0-1"]
[WhiteElo "1677"]
[BlackElo "1709"]
[PlyCount "88"]
[EventDate "2015.07.25"]
[EventType "team-swiss"]
[EventRounds "11"]
[EventCountry "POL"]
[SourceTitle "EXT 2019"]
[Source "ChessBase"]
[SourceDate "2018.10.10"]
[SourceVersion "1"]
[SourceVersionDate "2018.10.10"]
[SourceQuality "1"]
[WhiteTeam "Gniezno LKS Chrobry U19"]
[BlackTeam "Krakow Wisla U19"]
[WhiteTeamCountry "POL"]
[BlackTeamCountry "POL"]

1. e4 c5 2. Nc3 a6 3. f4 Nc6 4. Nf3 d6 5. Bc4 e6 6. d3 Nf6 7. 0-0 Be7 8. Qe1 0-0 9. Qg3 d5 10. Bb3 b5 11. a3 c4 12. Ba2 a5 13. e5 Qb6+ 14. Kh1 Ne8 15. dxc4 bxc4 16. Ne2 Ba6 17. c3 g6 18. Ng5 Ng7 19. Qh3 Bxg5 20. fxg5 Nxe5 21. Rb1 Nd3 22. Be3 Qd6 23. Rf3 e5 24. Qh6 Bc8 25. Nc1 Nxc1 26. Rxc1 Bg4 27. Rf6 Qe7 28. Qh4 Be6 29. g4 Qb7 30. Kg1 Qxb2 31. Rf3 Qxa2 32. Rh3 Nh5 33. gxh5 Bxh3 34. Qxh3 Qxa3 35. Qf3 Qd6 36. h6 d4 37. cxd4 exd4 38. Bf4 Qc5 39. Re1 Rae8 40. Rf1 d3+ 41. Kh1 Qd4 42. Bc7 Qe4 43. Qxe4 Rxe4 44. Bxa5 Rc8 0-1

[Event "POL-chT U19 3rd League Wielkopolska"]
[Site "Wielkopolska"]
[Date "2014.12.30"]
[Round "1.16"]
[White "Kukorowski, Jan"]
[Black "Jedras, Adrianna"]
[Result "1-0"]
[WhiteElo "1282"]
[BlackElo "1217"]
[PlyCount "105"]
[EventDate "2014.01.18"]
[EventType "team-tourn"]
[EventRounds "9"]
[EventCountry "POL"]
[SourceTitle "EXT 2020"]
[Source "ChessBase"]
[SourceDate "2019.10.17"]
[SourceVersion "1"]
[SourceVersionDate "2019.10.17"]
[SourceQuality "1"]
[WhiteTeam "Gniezno LKS Chrobry U19 II"]
[BlackTeam "Ostrow Wielkopolski U19"]
[WhiteTeamCountry "POL"]
[BlackTeamCountry "POL"]

1. e4 e5 2. Nf3 Nc6 3. d4 exd4 4. Bc4 Bc5 5. 0-0 Nge7 6. Ng5 0-0 7. Qh5 h6 8. Nxf7 Rxf7 9. Qxf7+ Kh8 10. Qh5 d5 11. exd5 Nb4 12. Bxh6 Qg8 13. Bd2+ Qh7 14. Qxh7+ Kxh7 15. Bxb4 Bxb4 16. a3 Ba5 17. b4 Bb6 18. Nd2 Bf5 19. Rfe1 Ng6 20. Bb3 d3 21. cxd3 Bxd3 22. Nc4 Bd4 23. Rad1 Bxc4 24. Bxc4 Be5 25. Rd3 Bd6 26. Bb5 a6 27. Re8 Rxe8 28. Bxe8 Ne5 29. Rd4 Kg8 30. Kf1 Kf8 31. Bh5 Ke7 32. Re4 Kf6 33. Ke2 Kg5 34. Be8 Kf5 35. f3 g5 36. h3 a5 37. Ke3 axb4 38. axb4 Bf8 39. g3 Bh6 40. f4 gxf4+ 41. gxf4 c6 42. Rxe5+ Kf6 43. dxc6 bxc6 44. Bxc6 Bf8 45. b5 Bd6 46. b6 Bb8 47. b7 Ba7+ 48. Ke4 Kf7 49. Re8 Kf6 50. b8Q Bxb8 51. Rxb8 Kg6 52. f5+ Kf6 53. h4 1-0

[Event "POL-chT U19 2nd League"]
[Site "Szczyrk"]
[Date "2014.07.26"]
[Round "3.58"]
[White "Kukorowski, Jan"]
[Black "Poltorak, Sebastian"]
[Result "1/2-1/2"]
[WhiteElo "1359"]
[BlackElo "1455"]
[PlyCount "84"]
[EventDate "2014.07.25"]
[EventType "team-swiss"]
[EventRounds "11"]
[EventCountry "POL"]
[SourceTitle "EXT 2015"]
[Source "ChessBase"]
[SourceDate "2014.11.20"]
[SourceVersion "1"]
[SourceVersionDate "2014.11.20"]
[SourceQuality "1"]
[WhiteTeam "Gniezno LKS Chrobry U19"]
[BlackTeam "Poznan UMKS Na Pieterku U19"]
[WhiteTeamCountry "POL"]
[BlackTeamCountry "POL"]

1. e4 c5 2. Nf3 d6 3. Bb5+ Bd7 4. Bxd7+ Qxd7 5. 0-0 Nf6 6. Nc3 g6 7. d4 cxd4 8. Nxd4 Bg7 9. h3 0-0 10. Be3 Nc6 11. Qd2 Ne5 12. b3 Rac8 13. f3 Rfd8 14. Rad1 Rb8 15. Nde2 b6 16. Ng3 Rdc8 17. f4 Nc6 18. Nce2 Rc7 19. c4 b5 20. c5 Ne8 21. e5 Rd8 22. exd6 exd6 23. f5 dxc5 24. fxg6 hxg6 25. Qxd7 Rcxd7 26. Rxd7 Rxd7 27. Bxc5 Rd2 28. Re1 Nf6 29. Nc1 Rc2 30. b4 Rc3 31. Nge2 Rc4 32. Nb3 Nxb4 33. Bxa7 Nxa2 34. Nbd4 b4 35. Rb1 Nc3 36. Nxc3 bxc3 37. Nc2 Ne4 38. Rb4 Rc7 39. Bd4 f5 40. Be3 Rd7 41. Rb6 Kh7 42. Rb1 Bh6 1/2-1/2

[Event "POL-chT U19 2nd League"]
[Site "Szczyrk"]
[Date "2014.07.26"]
[Round "2.4"]
[White "Lipiak, Mateusz"]
[Black "Kukorowski, Jan"]
[Result "1/2-1/2"]
[WhiteElo "1541"]
[BlackElo "1359"]
[PlyCount "106"]
[EventDate "2014.07.25"]
[EventType "team-swiss"]
[EventRounds "11"]
[EventCountry "POL"]
[SourceTitle "EXT 2015"]
[Source "ChessBase"]
[SourceDate "2014.11.20"]
[SourceVersion "1"]
[SourceVersionDate "2014.11.20"]
[SourceQuality "1"]
[WhiteTeam "Tczew Skoczek U19"]
[BlackTeam "Gniezno LKS Chrobry U19"]
[WhiteTeamCountry "POL"]
[BlackTeamCountry "POL"]

1. e4 c5 2. Nf3 g6 3. d4 cxd4 4. Nxd4 Bg7 5. Nc3 Nc6 6. Be3 Nf6 7. Bc4 Qa5 8. 0-0 0-0 9. Re1 d6 10. h3 Bd7 11. Nd5 Rfe8 12. Nxc6 bxc6 13. Nxf6+ Bxf6 14. Bd4 Bxd4 15. Qxd4 Qb6 16. Rad1 Qxd4 17. Rxd4 Rab8 18. b4 a5 19. bxa5 Ra8 20. a6 Bc8 21. a4 Bxa6 22. Bxa6 Rxa6 23. Ra1 Rea8 24. Kf1 Ra5 25. Ke2 Kf8 26. Kd2 h6 27. Kc3 Ke8 28. Kb3 Rb8+ 29. Rb4 Rxb4+ 30. Kxb4 Ra8 31. a5 Kd7 32. Ka4 Kc7 33. Rb1 Ra6 34. f3 f6 35. g3 Ra7 36. c4 Ra6 37. Rb2 Ra7 38. Rb6 Ra8 39. Rb1 Ra7 40. Rb3 Ra8 41. Rb2 Ra7 42. Rb1 Ra8 43. h4 Ra7 44. g4 Ra8 45. Rb2 Ra7 46. g5 hxg5 47. hxg5 fxg5 48. Rg2 Rb7 49. Rxg5 Rb1 50. Ka3 Ra1+ 51. Kb2 Rf1 52. Rg3 Rf2+ 53. Kb3 Rf1 1/2-1/2